00968cam a2200277 a 4500999001700000001000900017003000400026005001700030008004100047010001700088020002500105020002200130040001300152050002200165100002600187245012300213250001200336260003700348300002800385500003500413504005100448650006800499730004400567906004500611942003400656 c17731d1773114689435OSt20161129093749.0070109s2006 nyu b 001 0 eng  a 2007270818 a9780393927085 (pbk.) a0393927083 (pbk.) aDLCcDLC00aPR51.U5bA73 20061 aArchimedes, Sondra M.10aTeaching with the Norton anthology of English literature :ba guide for instructors /cSondra Archimedes ... [et al.]. a8th ed. aNew York :bW.W. Norton,cc2006. axxiii, 774 p. ;c24 cm. a"Major Authors 8th ed"--Cover. aIncludes bibliographical references and index. 0aEnglish literaturexStudy and teaching (Higher)zUnited States.0 aNorton anthology of English literature. a7bcbccorignewd2encipf20gy-gencatlg 2lcccBOOKShPR 51 .U5A73 2006